000 00600nam a2200229Ia 4500
003 OSt
005 20221007072957.0
006 a|||||r|||| 00| 0
007 ta
008 221006b |||||||| |||| 00| 0 eng d
024 _a16,688
037 _cTextual
040 _aFLL
_cFLL
_beng
041 _2eng
_aeng
082 _aY1:45:61
100 _aRhodes Henry T.F.
_9134782
245 0 _aScience and the police officer
260 _aLondon
_bThe Police Chronicle England
300 _a180p
_ccm.
942 _hY1:45:61
_cTEXL
_2CC
999 _c1147399
_d1147399